Statistics for European Cities by Picture

Click here to take the quiz!

General Stats

  • This quiz has been taken 1,388 times
  • The average score is 11 of 15

Answer Stats

City% Correct
London
99%
Paris
96%
Athens
95%
Moscow
94%
Amsterdam
93%
Venice
93%
Barcelona
89%
Florence
68%
Prague
66%
Monaco
52%
Gibraltar
51%
Frankfurt
50%
Dubrovnik
43%
Oslo
42%
Bath
24%

Score Distribution

Percentile by Number Answered

Percent of People with Each Score

Your Score History

You have not taken this quiz